000 00564nam a2200181Ia 4500
005 20250423095520.0
008 250422s9999 xx 000 0 und d
020 _a9781581107807
050 _aRJ 101 .S74/
100 _aEdited by Stephen Berman, Judith S. Palfrey, Zulfiqar Bhutta and Adenike O. Grange
245 0 _aGlobal child health advocacy : on the front lines
260 _aUnited State
260 _bAmerican Academy of Pediatrics
260 _c2014
300 _a331 p
650 _aChildren--Health and hygiene. Patient advocacy.
942 _cBK
999 _c30506
_d30506